Kraje Europy z 2 sąsiadami - Statystyki

Ogólne statystyki
  • Ten quiz został rozwiązany 39 razy
  • Średni wynik to 6 z 7
Statystyki odpowiedzi
Sąsiedzi Odpowiedź % Poprawnych
Belgia i Niemcy Holandia
97%
Norwegia i Finlandia Szwecja
97%
Hiszpania i Francja Andora
94%
Łotwa i Rosja Estonia
94%
Rumunia i Ukraina Mołdawia
94%
Szwajcaria i Austria Liechtenstein
89%
Grecja i Bułgaria Turcja
72%
Nie znaleziono quizów pasujących do podanych kryteriów
Rozkład punktacji
Procent ludzi z każdym wynikiem
Percentyl według liczby udzielonych odpowiedzi
Twoja historia wyników
Nie rozwiązałeś tego quizu